Poskytnutie vozidla zamestnávateľa na súkromné účely - nepeňažný príjem zamestnanca
Jedným z „benefitov“ poskytnutých zamestnávateľom svojim zamestnancom býva aj poskytnutie „firemného“ vozidla aj na súkromné použitie zamestnancom. Zdanenie takéhoto benefitu a jeho ocenenie je upravené v zákone o dani z príjmov. Ide v tomto prípade o rovnaké zdanenie, ak by išlo o vozidlo na elektr...
Salvato in:
| Autore principale: | |
|---|---|
| Natura: | Capitolo di libro |
| Lingua: | slovacco |
| Soggetti: | |
| Tags: |
Nessun Tag, puoi essere il primo ad aggiungerne!!
|
MARC
| LEADER | 00000naa a2200000 4500 | ||
|---|---|---|---|
| 001 | 0312515 | ||
| 005 | 20250929122836.5 | ||
| 041 | 0 | |a slo | |
| 044 | |a SK | ||
| 245 | 1 | 0 | |a Poskytnutie vozidla zamestnávateľa na súkromné účely - nepeňažný príjem zamestnanca |c Miroslava Brnová |
| 520 | |a Jedným z „benefitov“ poskytnutých zamestnávateľom svojim zamestnancom býva aj poskytnutie „firemného“ vozidla aj na súkromné použitie zamestnancom. Zdanenie takéhoto benefitu a jeho ocenenie je upravené v zákone o dani z príjmov. Ide v tomto prípade o rovnaké zdanenie, ak by išlo o vozidlo na elektrický pohon? | ||
| 610 | 2 | 0 | |a zamestnanci |
| 610 | 2 | 0 | |a príjmy |
| 610 | 2 | 0 | |a benefity |
| 610 | 2 | 0 | |a vozidlá motorové |
| 610 | 2 | 0 | |a dane z príjmov |
| 100 | 1 | |a Brnová, Miroslava | |